| 000 | 00845nam a2200265 4500 | ||
|---|---|---|---|
| 001 | 143816 | ||
| 003 | ES-MaACL | ||
| 005 | 20250902063106.0 | ||
| 007 | t| | ||
| 008 | 070214s1968 sp r ||||1| spa d | ||
| 017 |
_aM 24009-1968 _bOficina Depósito Legal Madrid |
||
| 080 | _a176 | ||
| 080 | _a612.6:28 | ||
| 245 | 0 | 0 |
_aSexo y moralidad : _binforme [presentado al Consejo Británico de las Iglesias] |
| 260 |
_aMadrid : _bMester, _c1968 |
||
| 300 |
_a149 páginas ; _c20 cm |
||
| 490 |
_aColección hombre nuevo ; _v3 _9182261 |
||
| 650 | 7 |
_aÉtica sexual _2embne _912591 |
|
| 710 | 2 |
_aBritish Council of Churches _93183 |
|
| 830 | 0 |
_9182261 _aColección hombre nuevo ; _v3 |
|
| 852 | 4 |
_aES-MaACL _bR.68818 _cDEPO2 _jC-50367 |
|
| 942 |
_2udc _cMONOGRAFIA _n0 |
||
| 999 |
_c143816 _d143816 |
||